Schnitzler's century : (Record no. 1451)

000 -LEADER
fixed length control field 01463nam a22003977a 4500
001 - CONTROL NUMBER
control field 12404624
003 - CONTROL NUMBER IDENTIFIER
control field OSt
005 - DATE AND TIME OF LATEST TRANSACTION
control field 20210426064246.0
008 - FIXED-LENGTH DATA ELEMENTS--GENERAL INFORMATION
fixed length control field 010510s2002 nyua b 001 0deng
010 ## - LIBRARY OF CONGRESS CONTROL NUMBER
LC control number 2001034557
020 ## - INTERNATIONAL STANDARD BOOK NUMBER
International Standard Book Number 0393048934
040 ## - CATALOGING SOURCE
Original cataloging agency DLC
Transcribing agency DLC
Modifying agency DLC
043 ## - GEOGRAPHIC AREA CODE
Geographic area code e------
050 00 - LIBRARY OF CONGRESS CALL NUMBER
Classification number CB415
Item number .G39 2002
080 ## - UNIVERSAL DECIMAL CLASSIFICATION NUMBER
Universal Decimal Classification number 94
Item number G-28
082 00 - DEWEY DECIMAL CLASSIFICATION NUMBER
Classification number 940.2/8/08622
Edition number 21
100 1# - MAIN ENTRY--PERSONAL NAME
Personal name Gay, Peter,
Dates associated with a name 1923-2015.
245 10 - TITLE STATEMENT
Title Schnitzler's century :
Remainder of title the making of middle-class culture, 1815-1914 /
Statement of responsibility, etc. Peter Gay.
250 ## - EDITION STATEMENT
Edition statement 1st ed.
260 ## - PUBLICATION, DISTRIBUTION, ETC.
Place of publication, distribution, etc. New York :
Name of publisher, distributor, etc. Norton,
Date of publication, distribution, etc. c2002.
300 ## - PHYSICAL DESCRIPTION
Extent xxix, 334 p. :
Other physical details ill. ;
Dimensions 24 cm.
365 ## - TRADE PRICE
Price type code 27.95 USD
504 ## - BIBLIOGRAPHY, ETC. NOTE
Bibliography, etc. note Includes bibliographical references (p. [315]-316)and index.
600 00 - SUBJECT ADDED ENTRY--PERSONAL NAME
Personal name Schnitzler, Arthur,
Dates associated with a name 1862-1931.
650 #0 - SUBJECT ADDED ENTRY--TOPICAL TERM
Topical term or geographic name entry element Civilization, Modern
Chronological subdivision 19th century.
650 #0 - SUBJECT ADDED ENTRY--TOPICAL TERM
Topical term or geographic name entry element Civilization, Modern
Chronological subdivision 20th century.
650 #0 - SUBJECT ADDED ENTRY--TOPICAL TERM
Topical term or geographic name entry element Middle class
General subdivision History
Chronological subdivision 19th century.
650 #0 - SUBJECT ADDED ENTRY--TOPICAL TERM
Topical term or geographic name entry element Nineteenth century.
651 #0 - SUBJECT ADDED ENTRY--GEOGRAPHIC NAME
Geographic name Europe
General subdivision Social life and customs
Chronological subdivision 19th century.
651 #0 - SUBJECT ADDED ENTRY--GEOGRAPHIC NAME
Geographic name Europe
General subdivision Intellectual life
Chronological subdivision 19th century.
651 #0 - SUBJECT ADDED ENTRY--GEOGRAPHIC NAME
Geographic name Europe
General subdivision Civilization
Chronological subdivision 19th century.
653 ## - INDEX TERM--UNCONTROLLED
Uncontrolled term ისტორია
906 ## - LOCAL DATA ELEMENT F, LDF (RLIN)
a 7
b cbc
c orignew
d 1
e ocip
f 20
g y-gencatlg
942 ## - ADDED ENTRY ELEMENTS (KOHA)
Source of classification or shelving scheme
Koha item type Books
Holdings
Withdrawn status Lost status Source of classification or shelving scheme Damaged status Not for loan Permanent location Current location Date acquired Inventory number Full call number Barcode Date last seen Price effective from Koha item type
          Ken Walker International University Ken Walker International University 02/16/2021 1253 94 G-28 1253 02/16/2021 02/16/2021 Books

Powered by Koha